Statistiques concernant Belle - La Belle et la Bête [Paroles entières]

Cliquez ici pour prendre le quiz!

Statistiques générales

  • Ce quiz a été pris 372 fois
  • Le résultat moyen est 197 sur 303

Statistiques - réponses

XParoles% Correct
le
95%
Le
95%
et
94%
Et
94%
De
93%
de
93%
GastonA
92%
bon
92%
à
92%
a
92%
ce
91%
X5Bonjour
87%
est
87%
elle
87%
Elle
87%
Que
87%
la
87%
que
87%
VillageoisLa
87%
VillageoisLa
87%
Belle
86%
les
86%
Les
86%
me
86%
se
86%
son
85%
Un
83%
un
83%
sa
83%
| BelleC'est
83%
vie
83%
des
82%
dès
82%
Dans
81%
boulanger
81%
ne
81%
Du
81%
bien
81%
dans
81%
pain
80%
| BelleJe
79%
je
79%
étrange
78%
beau
78%
Cette
77%
cette
77%
Quel
76%
pas
75%
74%
74%
Ou
74%
tout
73%
| Filles | VillageoisIl
72%
gens
72%
vieux
71%
qu'elle
70%
garni
69%
plus
69%
romans
69%
Mais
68%
qui
68%
petit
67%
vrai
66%
nuage
65%
rien
65%
matin
64%
chapitre
64%
va
63%
mademoiselle
63%
comme
63%
trois
63%
fournil
63%
tête
62%
plateau
62%
sont
62%
ressemble
61%
charmant
61%
une
61%
fille
61%
sur
61%
qu'on
60%
prince
60%
tu
60%
ses
59%
veux
59%
personne
59%
l'ai
59%
Depuis
58%
avant
58%
autre
56%
toujours
56%
sous
56%
porte
56%
chose
55%
On
55%
rues
55%
jours
55%
ailleurs
55%
air
54%
Mon
54%
rencontre
53%
sage
53%
vivre
53%
même
53%
d'ennui
53%
Gaston
53%
l'apprend
52%
lui
52%
BelleVille
52%
d'elle
51%
arrivés
51%
étrangers
51%
beauté
50%
vois
50%
très
50%
sans
50%
immobiles
49%
tiennent
48%
pour
48%
Non
48%
suis
48%
nom
48%
nuages
47%
audacieux
47%
faut
47%
demoiselle
46%
parle
46%
Car
46%
pleurent
46%
gant
44%
nous
44%
bavardent
43%
m'enchante
43%
plongée
43%
pareille
42%
ombrelle
42%
visage
42%
quand
42%
d'ange
42%
l'air
41%
sait
40%
moi
40%
garçon
40%
Monsieur
40%
amoureux
39%
tombé
39%
quoi
38%
passage
38%
notre
37%
l'instant
37%
dire
36%
absent
36%
coeur
36%
vue
35%
yeux
35%
penser
35%
épouser
34%
seule
33%
vais
32%
divin
32%
frémir
32%
digne
32%
compte
32%
plein
32%
rêves
31%
avec
31%
langage
31%
ici-bas
30%
trouve
30%
grand
29%
chat
28%
vous
28%
s'emballe
26%
défaillir
25%
D'un
25%
ingénue
24%
sauvage
22%
frisson
22%
univers
22%
bizarre
22%
Y'a
19%
donner
19%
mystère
17%
perdue
17%
fossé
15%
sépare
15%
fantasque
14%

Distribution des résultats

Percentile par nombre de réponses

% des personnes avec chaque résultat

Votre développement - résultats

Vous n’avez pas pris ce quiz